Applied Nutrition and Dietetics for BSc and Post Basic Nursing Stutents (Record no. 158706)
[ view plain ]
| 000 -LEADER | |
|---|---|
| fixed length control field | 00419nam a2200145Ia 4500 |
| 008 - FIXED-LENGTH DATA ELEMENTS--GENERAL INFORMATION | |
| fixed length control field | 230411s9999 xx 000 0 und d |
| 020 ## - INTERNATIONAL STANDARD BOOK NUMBER | |
| International Standard Book Number | 978-93-86896-74-2 |
| 041 ## - LANGUAGE CODE | |
| Language code of text/sound track or separate title | eng |
| 082 ## - DEWEY DECIMAL CLASSIFICATION NUMBER | |
| Classification number | N/613.2/CHA/B09901 |
| 100 ## - MAIN ENTRY--PERSONAL NAME | |
| Personal name | Chauhan Deepti |
| 9 (RLIN) | 180181 |
| 245 ## - TITLE STATEMENT | |
| Title | Applied Nutrition and Dietetics for BSc and Post Basic Nursing Stutents |
| 260 ## - PUBLICATION, DISTRIBUTION, ETC. (IMPRINT) | |
| Name of publisher, distributor, etc. | Lotus |
| Place of publication, distribution, etc. | Jalandhar |
| Date of publication, distribution, etc. | 2022 |
| 300 ## - PHYSICAL DESCRIPTION | |
| Extent | 344p |
| Withdrawn status | Lost status | Damaged status | Not for loan | Collection code | Home library | Current library | Date acquired | Vendor | Cost, normal purchase price | Bill number | Full call number | Barcode | Date last seen | Cost, replacement price | Bill Date | Koha item type | Original Barcode |
|---|---|---|---|---|---|---|---|---|---|---|---|---|---|---|---|---|---|
| Reference | Smt. Bakul Tambat Institute of Nursing Education | Smt. Bakul Tambat Institute of Nursing Education | 17/12/2022 | Patil Medical Book House | 390.00 | 7413 | N 613.2 CHA B09901 | BTIN-BK-9901 | 11/04/2023 | 312.00 | 15/12/2022 | Books | B09901 |